<?xml version="1.0" encoding="UTF-8"?>
<record
    xmlns:xsi="http://www.w3.org/2001/XMLSchema-instance"
    xsi:schemaLocation="http://www.loc.gov/MARC21/slim http://www.loc.gov/standards/marcxml/schema/MARC21slim.xsd"
    xmlns="http://www.loc.gov/MARC21/slim">

  <leader>00927nam a22001937a 4500</leader>
  <controlfield tag="005">20250220161635.0</controlfield>
  <datafield tag="010" ind1=" " ind2=" ">
    <subfield code="a">HIN-129467</subfield>
  </datafield>
  <datafield tag="020" ind1=" " ind2=" ">
    <subfield code="c">1000.00</subfield>
  </datafield>
  <datafield tag="035" ind1=" " ind2=" ">
    <subfield code="a">HN-101813</subfield>
  </datafield>
  <datafield tag="037" ind1=" " ind2=" ">
    <subfield code="b">DBAD</subfield>
  </datafield>
  <datafield tag="082" ind1=" " ind2=" ">
    <subfield code="a">954.13</subfield>
    <subfield code="2">01</subfield>
  </datafield>
  <datafield tag="100" ind1=" " ind2=" ">
    <subfield code="a">&#x924;&#x94B;&#x92E;&#x930; &#x938;&#x93F;&#x902;&#x939; &#x928;&#x947;&#x935;&#x93F;&#x926;&#x947;&#x924;&#x93E;</subfield>
    <subfield code="9">78313</subfield>
  </datafield>
  <datafield tag="245" ind1=" " ind2=" ">
    <subfield code="a">&#x92E;&#x941;&#x930;&#x93E;&#x926;&#x93E;&#x92C;&#x93E;&#x926;  &#x921;&#x940;&#x935;&#x940;&#x91C;&#x928;&#x932; &#x917;&#x91C;&#x947;&#x91F;&#x93F;&#x92F;&#x930;</subfield>
    <subfield code="b">&#x915;&#x932;&#x93E; &#x914;&#x930; &#x915;&#x93E;&#x932; &#x915;&#x93E; &#x938;&#x92E;&#x94D;&#x92A;&#x94B;&#x937;&#x923;</subfield>
    <subfield code="c"> &#x928;&#x947;&#x935;&#x93F;&#x926;&#x947;&#x924;&#x93E; &#x938;&#x93F;&#x902;&#x939;  &#x924;&#x94B;&#x92E;&#x930; </subfield>
    <subfield code="h">&#x939;&#x93F;&#x928;&#x94D;&#x926;&#x940; </subfield>
  </datafield>
  <datafield tag="260" ind1=" " ind2=" ">
    <subfield code="b">&#x92A;&#x94D;&#x930;&#x92D;&#x93E;&#x924; &#x92A;&#x94D;&#x930;&#x915;&#x93E;&#x936;&#x928; &#x92A;&#x94D;&#x930;&#x93E;&#x907;&#x935;&#x947;&#x91F; &#x932;&#x93F;&#x92E;&#x93F;&#x91F;&#x947;&#x921; </subfield>
    <subfield code="a">&#x928;&#x908; &#x926;&#x93F;&#x932;&#x94D;&#x932;&#x940;</subfield>
  </datafield>
  <datafield tag="270" ind1=" " ind2=" ">
    <subfield code="b">&#x928;&#x908; &#x926;&#x93F;&#x932;&#x94D;&#x932;&#x940;</subfield>
    <subfield code="a">4/19 &#x906;&#x938;&#x92B; &#x905;&#x932;&#x940; &#x930;&#x94B;&#x921; &#x928;&#x908; &#x926;&#x93F;&#x932;&#x94D;&#x932;&#x940; </subfield>
    <subfield code="e">110002</subfield>
  </datafield>
  <datafield tag="300" ind1=" " ind2=" ">
    <subfield code="a">496.hb</subfield>
    <subfield code="c">29cm(pbk)</subfield>
  </datafield>
  <datafield tag="700" ind1=" " ind2=" ">
    <subfield code="a">&#x928;&#x947;&#x935;&#x93F;&#x926;&#x947;&#x924;&#x93E; &#x938;&#x93F;&#x902;&#x939;  &#x924;&#x94B;&#x92E;&#x930; </subfield>
    <subfield code="9">78272</subfield>
  </datafield>
  <datafield tag="942" ind1=" " ind2=" ">
    <subfield code="2">ddc</subfield>
    <subfield code="c">HN</subfield>
    <subfield code="h">954.13</subfield>
    <subfield code="m"> &#x924;&#x94B;&#x92E;</subfield>
  </datafield>
  <datafield tag="999" ind1=" " ind2=" ">
    <subfield code="c">209598</subfield>
    <subfield code="d">209598</subfield>
  </datafield>
  <datafield tag="952" ind1=" " ind2=" ">
    <subfield code="0">0</subfield>
    <subfield code="1">0</subfield>
    <subfield code="4">0</subfield>
    <subfield code="7">1</subfield>
    <subfield code="8">NFIC</subfield>
    <subfield code="a">L</subfield>
    <subfield code="b">L</subfield>
    <subfield code="d">2025-02-20</subfield>
    <subfield code="e">DBAD</subfield>
    <subfield code="g">1000.00</subfield>
    <subfield code="l">0</subfield>
    <subfield code="o">954.13  &#x924;&#x94B;&#x92E;&#x930;</subfield>
    <subfield code="p">HN-101813</subfield>
    <subfield code="r">2025-02-20 00:00:00</subfield>
    <subfield code="t">1</subfield>
    <subfield code="v">1000.00</subfield>
    <subfield code="w">2025-02-20</subfield>
    <subfield code="y">HN</subfield>
  </datafield>
</record>
